<?xml version="1.0" encoding="UTF-8"?><?xml-stylesheet type="text/xsl" href="static/style.xsl"?><OAI-PMH xmlns="http://www.openarchives.org/OAI/2.0/" xmlns:xsi="http://www.w3.org/2001/XMLSchema-instance" xsi:schemaLocation="http://www.openarchives.org/OAI/2.0/ http://www.openarchives.org/OAI/2.0/OAI-PMH.xsd"><responseDate>2026-04-17T18:44:15Z</responseDate><request verb="GetRecord" identifier="oai:www.recercat.cat:20.500.12694/7272" metadataPrefix="marc">https://recercat.cat/oai/request</request><GetRecord><record><header><identifier>oai:recercat.cat:20.500.12694/7272</identifier><datestamp>2025-12-18T12:09:34Z</datestamp><setSpec>com_2072_179042</setSpec><setSpec>col_2072_484474</setSpec></header><metadata><record xmlns="http://www.loc.gov/MARC21/slim" xmlns:dcterms="http://purl.org/dc/terms/" xmlns:xsi="http://www.w3.org/2001/XMLSchema-instance" xmlns:doc="http://www.lyncode.com/xoai" xsi:schemaLocation="http://www.loc.gov/MARC21/slim http://www.loc.gov/standards/marcxml/schema/MARC21slim.xsd">
   <leader>00925njm 22002777a 4500</leader>
   <datafield ind2=" " ind1=" " tag="042">
      <subfield code="a">dc</subfield>
   </datafield>
   <datafield ind2=" " ind1=" " tag="720">
      <subfield code="a">Miguel Guerrero, Daniel</subfield>
      <subfield code="e">author</subfield>
   </datafield>
   <datafield ind2=" " ind1=" " tag="260">
      <subfield code="c">2016-06</subfield>
   </datafield>
   <datafield ind2=" " ind1=" " tag="520">
      <subfield code="a">Aquest treball relata l’experiència d’abordar un projecte innovador sobre la música electroacústica que consta de dos elements: el disseny d’un recital i l’encàrrec d’una obra, d’aquest estil, a partir de les conclusions del mencionat concert. S’explica tot el procés a partir dels estadis de creació d’un projecte: disseny, preproducció, producció i postproducció.</subfield>
   </datafield>
   <datafield ind2=" " ind1=" " tag="520">
      <subfield code="a">Este trabajo relata la experiencia de abordar un proyecto innovador sobre la música electroacústica que consta de dos elementos: el diseño de un recital y el encargo de una obra, de este tipo, a partir de las conclusiones del mencionado concierto. Se explica todo el proceso a partir de los estadios de creación de un proyecto: diseño, preproducción, producción y postproducción.</subfield>
   </datafield>
   <datafield ind2=" " ind1=" " tag="520">
      <subfield code="a">This work recounts the process of approaching an innovative project on electroacoustic music. It has two main components: designing and producing a concert and the commission of a piece in this style. This commission is based on the results of the concert. The process is explained as a project timeline: design, pre-production, production, and post-production.</subfield>
   </datafield>
   <datafield ind1="8" ind2=" " tag="024">
      <subfield code="a">http://hdl.handle.net/20.500.12694/7272</subfield>
   </datafield>
   <datafield tag="653" ind2=" " ind1=" ">
      <subfield code="a">TFG Música clàssica i contemporània</subfield>
   </datafield>
   <datafield tag="653" ind2=" " ind1=" ">
      <subfield code="a">Concerts (Execució musical)</subfield>
   </datafield>
   <datafield tag="653" ind2=" " ind1=" ">
      <subfield code="a">Música per ordinador</subfield>
   </datafield>
   <datafield tag="653" ind2=" " ind1=" ">
      <subfield code="a">Enregistraments sonors--Producció i edició</subfield>
   </datafield>
   <datafield ind2="0" ind1="0" tag="245">
      <subfield code="a">With live electronics?: elaboració d'un projecte sobre la música electroacústica</subfield>
   </datafield>
</record></metadata></record></GetRecord></OAI-PMH>